000 00856cab a2200253 4500
001 WB3231-89
008 090401t1996 xxu||||| |||| 00| 0 eng d
035 _a(Sirsi) u69925
041 _aeng
245 _aAccess to the countryside
260 _c1996
350 _a0
490 _aWestern Morning News
_v31 July 1996, 3&6(4)
520 _aThe Ramblers Association criticises government for refusing to reveal the location of land exempt from inheritance tax on the express condition that the public can access it. Discusses problems caused by open access, and possible solutions.
650 _aACCESS TO THE COUNTRYSIDE
650 _aBODMIN MOOR BILL
650 _aCOUNTRYSIDE
650 _aINHERITANCE TAX
650 _aPUBLIC ACCESS
650 _aRAMBLERS ASSOCIATION
690 _aRURAL PRACTICE
942 _n0
948 _c04/03/1997
999 _c43974
_d43974